Discrimination

Bibliographic Details
Main Author: Banton, Michael P
Format: Book
Published: Buckingham : University Press , 1994
Subjects:

MARC

LEADER 00000cam a2200000 7i4500
001 0000002629
002 000002856
005 .0
020 |a 0335191916 
090 0 0 |a 305   |b BAN 
100 1 |a Banton, Michael P 
245 1 0 |a Discrimination   |c Michael P. Banton 
260 |a Buckingham :   |b University Press ,   |c 1994 
300 |a 103 p. ;   |c 21 cm. 
650 0 0 |a Discrimination 
999 |a 036057   |b BUKU   |c PINJAMAN   |e PERPUSTAKAAN KOMUNITI PETALING JAYA